[Event "Galicia-ch U18"]
[Site "Padron"]
[Date "2023.02.21"]
[Round "7"]
[White "Perez Estevez, Sergio"]
[Black "Longueira Alonso, Breixo"]
[Result "0-1"]
[WhiteElo "1898"]
[BlackElo "2005"]
[PlyCount "48"]
[EventDate "2023.02.18"]
[EventType "swiss"]
[EventRounds "8"]
[EventCountry "ESP"]
[SourceTitle "EXT 2024"]
[Source "ChessBase"]
[SourceDate "2023.10.10"]
[SourceVersion "1"]
[SourceVersionDate "2023.10.10"]
[SourceQuality "1"]

1. e4 e5 2. Nf3 Nc6 3. Bb5 a6 4. Ba4 Nf6 5. 0-0 Be7 6. d3 d6 7. c3 h6 8. Nbd2 g5 9. Bxc6+ bxc6 10. d4 g4 11. Ne1 exd4 12. cxd4 Be6 13. Nd3 d5 14. e5 Nh5 15. Re1 Bf5 16. Nf1 Ng7 17. Ne3 h5 18. Nxf5 Nxf5 19. Nf4 Ng7 20. e6 Nxe6 21. Nxe6 fxe6 22. Rxe6 Qd7 23. Qe2 Kf7 24. Qe5 Qxe6 0-1

[Event "Galicia-ch U18"]
[Site "Padron"]
[Date "2023.02.20"]
[Round "6"]
[White "Longueira Alonso, Breixo"]
[Black "Cereijo Suarez, Alejandro"]
[Result "1/2-1/2"]
[WhiteElo "2005"]
[BlackElo "2101"]
[PlyCount "77"]
[EventDate "2023.02.18"]
[EventType "swiss"]
[EventRounds "8"]
[EventCountry "ESP"]
[SourceTitle "EXT 2024"]
[Source "ChessBase"]
[SourceDate "2023.10.10"]
[SourceVersion "1"]
[SourceVersionDate "2023.10.10"]
[SourceQuality "1"]

1. d4 d5 2. c4 e6 3. Nf3 Nf6 4. Nc3 a6 5. Bg5 Bb4 6. Qa4+ Nc6 7. Ne5 0-0 8. Nxc6 Bxc3+ 9. bxc3 bxc6 10. Qxc6 Bd7 11. Qc5 Qb8 12. Qa3 Ne4 13. Bf4 dxc4 14. e3 Nd6 15. Bxd6 cxd6 16. Bxc4 Rc8 17. Bd3 Bb5 18. Rb1 Qc7 19. Kd2 Bxd3 20. Kxd3 Qc4+ 21. Kd2 e5 22. Qb3 Qc6 23. f3 Qd7 24. Qd5 Qf5 25. g4 Qf6 26. h4 Re8 27. Rb7 Rac8 28. g5 Qf5 29. Qe4 Qxe4 30. fxe4 exd4 31. cxd4 Rxe4 32. Rf1 Rf8 33. Rf4 Re6 34. d5 Re5 35. e4 f5 36. gxf6 Rxf6 37. Rxf6 gxf6 38. Ke3 f5 39. Rb6 1/2-1/2

[Event "Mondariz Balneario op"]
[Site "Mondariz Balneario"]
[Date "2022.12.27"]
[Round "3"]
[White "Longueira Alonso, Breixo"]
[Black "Draghici Flutur, Gavril"]
[Result "1-0"]
[WhiteElo "1722"]
[BlackElo "2012"]
[PlyCount "109"]
[EventDate "2022.12.26"]
[EventType "swiss"]
[EventRounds "8"]
[EventCountry "ESP"]
[SourceTitle "CBM 212 Extra"]
[Source "ChessBase"]
[SourceDate "2023.03.31"]
[SourceVersion "1"]
[SourceVersionDate "2023.03.31"]
[SourceQuality "1"]

1. e4 c5 2. Nc3 d6 3. f4 g6 4. Nf3 Bg7 5. Bc4 Nc6 6. d3 e6 7. 0-0 Nge7 8. Qe1 0-0 9. Bb3 Nd4 10. Nxd4 cxd4 11. Ne2 Kh8 12. g4 f5 13. Qh4 fxg4 14. Ng3 Nc6 15. Qxg4 d5 16. Bd2 dxe4 17. Nxe4 e5 18. Qg2 Qh4 19. Qg5 Qxg5+ 20. Nxg5 h6 21. Nf7+ Kh7 22. fxe5 Bh3 23. Rf3 Bg4 24. Rg3 Bf5 25. e6 Rae8 26. Re1 Re7 27. Rf3 Rfe8 28. Nd6 Ne5 29. Rxe5 Bxe5 30. Nxf5 gxf5 31. Rxf5 Rxe6 32. Bxe6 Rxe6 33. Bf4 Bg7 34. Bg3 Re2 35. Rf2 Re1+ 36. Kg2 Ra1 37. Rf7 Kg6 38. Rxb7 Rxa2 39. Kf3 Ra6 40. Ke4 Ra5 41. Rc7 Rb5 42. b3 a5 43. Rc6+ Kh7 44. Rd6 Rc5 45. Rd7 Rxc2 46. Be5 Re2+ 47. Kxd4 Rxe5 48. Rxg7+ Kxg7 49. Kxe5 Kf7 50. d4 Ke7 51. Kd5 Kd7 52. h3 h5 53. h4 Kc7 54. Ke6 Kd8 55. Kd6 1-0

[Event "Santiago de Compostela Bicapawn GP B2"]
[Site "Santiago de Compostela"]
[Date "2022.10.20"]
[Round "5"]
[White "Guerrero Olmos, Sergio"]
[Black "Longueira Alonso, Breixo"]
[Result "1-0"]
[WhiteElo "2372"]
[BlackElo "1722"]
[PlyCount "109"]
[EventDate "2022.10.20"]
[EventType "swiss (blitz)"]
[EventRounds "9"]
[EventCountry "ESP"]
[SourceTitle "CBM 210 Extra"]
[Source "ChessBase"]
[SourceDate "2022.11.30"]
[SourceVersion "1"]
[SourceVersionDate "2022.11.30"]
[SourceQuality "1"]

1. c4 e5 2. Nc3 d6 3. Nf3 Nc6 4. d4 exd4 5. Nxd4 Nxd4 6. Qxd4 Ne7 7. g3 Nc6 8. Qe3+ Be7 9. Nd5 Be6 10. Bg2 0-0 11. Nxe7+ Qxe7 12. b3 Qf6 13. Rb1 Bf5 14. Bb2 Qg6 15. Rc1 Rfe8 16. Qc3 Re7 17. e3 f6 18. 0-0 Be4 19. f3 Bf5 20. e4 Bd7 21. c5 dxc5 22. Qxc5 Rae8 23. b4 b6 24. Qd5+ Qf7 25. Qxf7+ Kxf7 26. a3 a6 27. Rfd1 Rc8 28. Rxd7 Rxd7 29. Bh3 Nb8 30. e5 fxe5 31. Bxe5 Re7 32. Bxc8 Rxe5 33. Rxc7+ Re7 34. Rc2 Ke8 35. f4 Kd8 36. Bf5 Rc7 37. Rxc7 Kxc7 38. Bxh7 Nc6 39. Kf2 Na7 40. Bd3 a5 41. bxa5 bxa5 42. a4 Nc6 43. h4 Kd6 44. g4 Kd5 45. Ke3 Nb4 46. h5 Ke6 47. g5 Nd5+ 48. Kf3 Nb4 49. Kg4 Nxd3 50. f5+ Kf7 51. h6 g6 52. h7 Kg7 53. fxg6 Ne5+ 54. Kf5 Nxg6 55. Ke6 1-0

[Event "Santiago de Compostela Bicapawn GP B1"]
[Site "Santiago de Compostela"]
[Date "2022.10.19"]
[Round "8"]
[White "Rey Cid, Jose"]
[Black "Longueira Alonso, Breixo"]
[Result "1/2-1/2"]
[WhiteElo "1896"]
[BlackElo "1722"]
[PlyCount "114"]
[EventDate "2022.10.19"]
[EventType "swiss (blitz)"]
[EventRounds "9"]
[EventCountry "ESP"]
[SourceTitle "EXT 2024"]
[Source "ChessBase"]
[SourceDate "2023.10.10"]
[SourceVersion "1"]
[SourceVersionDate "2023.10.10"]
[SourceQuality "1"]

1. d4 Nf6 2. Nf3 e6 3. c4 d5 4. Nc3 c6 5. e3 Bd6 6. g4 h6 7. Rg1 Nbd7 8. h4 a6 9. g5 hxg5 10. hxg5 Ne4 11. Nxe4 dxe4 12. Nd2 Qa5 13. Qc2 c5 14. Qxe4 cxd4 15. exd4 Be7 16. g6 Qf5 17. gxf7+ Kxf7 18. Qe3 Rh6 19. Bd3 Qf6 20. Ne4 Bb4+ 21. Bd2 Bxd2+ 22. Kxd2 Qe7 23. Ng5+ Ke8 24. Rae1 Nf6 25. Kc2 b5 26. c5 Nd5 27. Qd2 Bd7 28. Ne4 Kd8 29. Nd6 Kc7 30. Kc1 Bc6 31. Be4 Qf6 32. Bg2 Rf8 33. Rgf1 Rh2 34. Bh1 Rxf2 35. Rxf2 Qxf2 36. Qxf2 Rxf2 37. Bxd5 Bxd5 38. Rg1 Rg2 39. Rxg2 Bxg2 40. Kd2 g5 41. Ke3 Bd5 42. a3 Kd7 43. b4 Ke7 44. Nc8+ Kf6 45. Nb6 Bc6 46. Nc8 e5 47. dxe5+ Kxe5 48. Ne7 Bd7 49. c6 Be6 50. c7 Kd6 51. c8Q Bxc8 52. Nxc8+ Kd7 53. Nb6+ Kc6 54. Nc8 Kd7 55. Nb6+ Kc6 56. Nc8 Kd7 57. Nb6+ Kc6 1/2-1/2

[Event "Pontevedra op-B 10th"]
[Site "Pontevedra"]
[Date "2022.07.24"]
[Round "1.14"]
[White "Longueira Alonso, Breixo"]
[Black "Alvarez Barrallo, Rodrigo"]
[Result "1-0"]
[WhiteElo "1734"]
[BlackElo "1183"]
[PlyCount "57"]
[EventDate "2022.07.24"]
[EventType "swiss"]
[EventRounds "9"]
[EventCountry "ESP"]
[SourceTitle "EXT 2023"]
[Source "ChessBase"]
[SourceDate "2022.10.05"]
[SourceVersion "1"]
[SourceVersionDate "2022.10.05"]
[SourceQuality "1"]

1. e4 e5 2. Nf3 Nc6 3. d4 exd4 4. Bc4 Nf6 5. e5 d5 6. Bb5 Ne4 7. 0-0 a6 8. Bd3 Bg4 9. Bf4 g5 10. Bg3 h5 11. h3 h4 12. Bh2 Bh5 13. Re1 g4 14. hxg4 Bxg4 15. Bxe4 dxe4 16. Rxe4 Qd7 17. c3 0-0-0 18. cxd4 h3 19. Nc3 hxg2 20. e6 Bxe6 21. d5 Bxd5 22. Nxd5 Qxd5 23. Qxd5 Rxd5 24. Rae1 Kd7 25. Kxg2 Bg7 26. b4 Bc3 27. Rc1 Bxb4 28. Rxc6 Kxc6 29. Rxb4 1-0

[Event "Ponteareas op 2nd"]
[Site "Ponteareas"]
[Date "2019.04.20"]
[Round "1"]
[White "Fonseca Alonso, Francisco Jose"]
[Black "Longueira Alonso, Breixo"]
[Result "1/2-1/2"]
[WhiteElo "1444"]
[BlackElo "1046"]
[PlyCount "61"]
[EventDate "2019.04.20"]
[EventType "swiss"]
[EventRounds "5"]
[EventCountry "ESP"]
[SourceTitle "CBM 190 Extra"]
[Source "ChessBase"]
[SourceDate "2019.07.15"]
[SourceVersion "1"]
[SourceVersionDate "2019.07.15"]
[SourceQuality "1"]

1. e4 c5 2. Nf3 d6 3. d4 cxd4 4. Nxd4 Nc6 5. c4 Nf6 6. Nc3 g6 7. Be3 Bg7 8. f3 0-0 9. Be2 Bd7 10. 0-0 Rc8 11. Qd2 a6 12. b3 Qc7 13. Rac1 e6 14. Rc2 Nxd4 15. Bxd4 d5 16. Bxf6 Bxf6 17. exd5 Rfd8 18. Rfc1 Bg7 19. Kh1 b6 20. Bf1 Bc6 21. Qe3 exd5 22. cxd5 Bb7 23. d6 Qxd6 24. Ne4 Qe6 25. Bc4 Rxc4 26. Rxc4 f5 27. Qg5 Re8 28. Ng3 Qe1+ 29. Nf1 Qe5 30. Qg3 Qe6 31. Qf2 1/2-1/2

[Event "Ponteareas op 2nd"]
[Site "Ponteareas"]
[Date "2019.04.20"]
[Round "3"]
[White "Longueira Alonso, Breixo"]
[Black "Dominguez Certal, Dario"]
[Result "0-1"]
[WhiteElo "1046"]
[BlackElo "1393"]
[PlyCount "66"]
[EventDate "2019.04.20"]
[EventType "swiss"]
[EventRounds "5"]
[EventCountry "ESP"]
[SourceTitle "CBM 190 Extra"]
[Source "ChessBase"]
[SourceDate "2019.07.15"]
[SourceVersion "1"]
[SourceVersionDate "2019.07.15"]
[SourceQuality "1"]

1. e4 c5 2. Nf3 Nc6 3. d4 cxd4 4. Nxd4 e5 5. Nf3 Nf6 6. Nc3 Bb4 7. Bd2 Bxc3 8. Bxc3 Nxe4 9. Qd3 Nxc3 10. Qxc3 0-0 11. 0-0-0 Qf6 12. Kb1 d6 13. Bb5 Bf5 14. Bxc6 bxc6 15. Qxc6 Rac8 16. Qxd6 Bxc2+ 17. Ka1 Bxd1 18. Qxd1 Rb8 19. Nd2 Qxf2 20. Nb3 a5 21. Qf1 Qxf1+ 22. Rxf1 a4 23. Nc5 Ra8 24. a3 Rfc8 25. Nd7 Re8 26. Re1 e4 27. Nb6 Ra6 28. Nc4 e3 29. g3 g6 30. h4 e2 31. Ka2 Rc6 32. Nd2 Rd6 33. Nf3 Rd1 0-1

[Event "Ponteareas U2200 op 1st"]
[Site "Ponteareas"]
[Date "2019.03.02"]
[Round "1.2"]
[White "Longueira Alonso, Breixo"]
[Black "Gonzalez Davila, Miguel"]
[Result "0-1"]
[WhiteElo "1052"]
[BlackElo "2086"]
[PlyCount "56"]
[EventDate "2019.03.02"]
[EventType "swiss"]
[EventRounds "5"]
[EventCountry "ESP"]
[SourceTitle "EXT 2024"]
[Source "ChessBase"]
[SourceDate "2023.10.10"]
[SourceVersion "1"]
[SourceVersionDate "2023.10.10"]
[SourceQuality "1"]

1. e4 e5 2. Nf3 Nc6 3. Nc3 Bc5 4. Bc4 Nf6 5. d3 d6 6. Bg5 h6 7. Bxf6 Qxf6 8. Nd5 Qd8 9. c3 0-0 10. b4 Bb6 11. 0-0 Ne7 12. Nxb6 axb6 13. Qb3 c6 14. Rfd1 b5 15. d4 bxc4 16. Qxc4 Be6 17. d5 Bg4 18. a4 cxd5 19. exd5 Bxf3 20. gxf3 Rc8 21. Qb3 Nf5 22. Kf1 Qh4 23. Kg1 Qh3 24. Kh1 Qxf3+ 25. Kg1 Nh4 26. Kf1 Rxc3 27. Qb2 Re3 28. Re1 Qg2# 0-1